LEADER 00809nam a2200217 i 4500 001 000000201216 003 CaOOAMICUS 005 20110422000000.0 008 110422n it u000 u ita u 013 $a179917 040 $aSeMil$bita 100 1 $aCima, Corradino.$0(OLS)http://semarc/name/63655 245 10$aReminiscenze verdiane /$cCorradino Cima. 260 $aMilano :$bAntonio Cordani,$c[1964] 300 $a7 p. ;$c21 cm. 500 $aTitolo da copertina. - Estratto da «Famiglia Meneghina» n. 1, 1964. 850 $aSeMil 852 $aSeMil$W1$xVenegono$y1$m5D VIII 15/27$j151742$B151742$CSeMilBibl$Z2$F162936 $81 961 $aOmaggio: Altro 996 $6245$aReminiscenze verdiane$9(OLS)http://semarc/title/291144 996 $6260$aMilano :$bAntonio Cordani$9(OLS)http://semarc/publisher/41197 LEADER 00750nam a2200169 i 4500 001 000000207666 003 CaOOAMICUS 005 20111103000000.0 008 111103s1842 it u000 u ita u 013 $a186449 040 $aSeMil$bita 245 10$aTomo 10. 300 $a301 p. 773 0 $tLettere di vari illustri italiani del secolo 18. e 19. a' loro amici, e de' massimi scienziati e letterati nazionali e stranieri al celebre abate Lazzaro Spallanzani e molte sue risposte ai medesimi, ora per la prima volta pubblicate.$dReggio : Coi tipi Torreggiani e C., 1841-1843.$g10$w()25704 850 $aSeMil 852 $aSeMil$W1$xVenegono$y1$m1S II 31 FA$j158125$B158125$CSeMilBibl$Z2$F169362 $8I 996 $6245$aTomo 10$9(OLS)http://semarc/title/194414